THE ART OF BEING A BRILIANT TEACHER (Record no. 216672)
[ view plain ]
| 000 -LEADER | |
|---|---|
| fixed length control field | 00434nam a22001577a 4500 |
| 008 - FIXED-LENGTH DATA ELEMENTS--GENERAL INFORMATION | |
| fixed length control field | 260225b |||||||| |||| 00| 0 eng d |
| 020 ## - INTERNATIONAL STANDARD BOOK NUMBER | |
| International Standard Book Number | 978-184590941-3 |
| 050 ## - LIBRARY OF CONGRESS CALL NUMBER | |
| Classification number | LB 1025.3 .T69 2015 |
| Item number | 1 |
| 100 ## - MAIN ENTRY--PERSONAL NAME | |
| Personal name | GARY TOWARD |
| 245 ## - TITLE STATEMENT | |
| Title | THE ART OF BEING A BRILIANT TEACHER |
| 260 ## - PUBLICATION, DISTRIBUTION, ETC. | |
| Place of publication, distribution, etc. | BANCYFELIN |
| Name of publisher, distributor, etc. | CROWN HOUSE PUBLISHING |
| Date of publication, distribution, etc. | 2015 |
| 300 ## - PHYSICAL DESCRIPTION | |
| Extent | I,216P |
| 650 ## - SUBJECT ADDED ENTRY | |
| Topical term or geographic name entry element | TEACHER EFFECTIVENESS |
| 942 ## - ADDED ENTRY ELEMENTS (KOHA) | |
| Source of classification or shelving scheme | Library of Congress Classification |
| Koha item type | Reference |
| Withdrawn status | Lost status | Source of classification or shelving scheme | Damaged status | Not for loan | Collection | Home library | Current library | Shelving location | Date acquired | Inventory number | Total checkouts | Full call number | Barcode | Date last seen | Copy number | Price effective from | Koha item type |
|---|---|---|---|---|---|---|---|---|---|---|---|---|---|---|---|---|---|
| Library of Congress Classification | Arts & Social Sciences | Kisii University Library | Kisii University Library | On Display | 02/25/2026 | 111099 | LB 1025.3 .T69 2015 | A000780 | 02/25/2026 | 1 | 02/25/2026 | Long Loan Book | |||||
| Library of Congress Classification | Arts & Social Sciences | Kisii University Library | Kisii University Library | On Display | 02/25/2026 | 111100 | LB 1025.3 .T69 2015 | A000781 | 02/25/2026 | 2 | 02/25/2026 | Long Loan Book | |||||
| Library of Congress Classification | Arts & Social Sciences | Kisii University Library | Kisii University Library | On Display | 02/25/2026 | 111101 | LB 1025.3 .T69 2015 | A000784 | 02/25/2026 | 3 | 02/25/2026 | Long Loan Book | |||||
| Library of Congress Classification | Arts & Social Sciences | Kisii University Library | Kisii University Library | On Display | 02/25/2026 | 111102 | LB 1025.3 .T69 2015 | A000783 | 02/25/2026 | 4 | 02/25/2026 | Long Loan Book | |||||
| Library of Congress Classification | Arts & Social Sciences | Kisii University Library | Kisii University Library | On Display | 02/25/2026 | 111103 | LB 1025.3 .T69 2015 | A000782 | 02/25/2026 | 5 | 02/25/2026 | Long Loan Book |